| 000 | 00414pab a2200157 454500 | ||
|---|---|---|---|
| 008 | 180718b2001 xxu||||| |||| 00| 0 eng d | ||
| 100 | _aKripa Shankar | ||
| 245 | _aIndian economic crisis and globalisation | ||
| 260 | _c2001 | ||
| 300 | _ap.99-103. | ||
| 650 | _aGlobalization - India | ||
| 650 | _aEconomic recession - India | ||
| 650 | _aEconomic recession | ||
| 773 | _aMainstream, Annual | ||
| 909 | _a51808 | ||
| 999 |
_c51808 _d51808 |
||